| 000 | 01044nam a2200205 a 4500 | ||
|---|---|---|---|
| 005 | 20210219160037.0 | ||
| 008 | 080619s1980 mx r 000 0 spa d | ||
| 035 | _aUPN01000157123 | ||
| 049 | _aUNE | ||
| 080 | _a37:338 (549.3) =20 INT 1979. | ||
| 245 | 0 |
_aBangladesh / _cUNESCO Field Operational Seminar on the Approaches to Integrated Rural Development and their Methodologiesvis-a-vis the Role of Education, Comilla, etc., Bangladesh/ 1979. Integrated Rural Development and the Role of Education; Report/ Bangladesh/ UNESCO Field Operational Seminar on the Approaches to Integrated Rural Development and their Methodologies vis-a-vis theRole of Education, Comilla, etc., Bangladesh/ 1979. |
|
| 260 |
_aParís : _bUNESCO, _c1980. |
||
| 300 | _a97 p. | ||
| 690 | _aDesarrollo de la educación - Programas de alfabetización | ||
| 690 | _aEducación rural - Papel de la educación - Bangladesh | ||
| 690 | _aBangladesh - Papel de la educación - Educación rural | ||
| 710 | 2 | _aUNESCO | |
| 710 | 2 | _aComilla Project. | |
| 905 | _aUNESCO | ||
| 999 |
_c129237 _d129237 |
||